How Well Do You Know Taylor Swift? - Statistics

General Stats
  • This quiz has been taken 83 times
  • The average score is 28 of 50
Answer Stats
Question Answer % Correct
What Is Taylor Swift's Mum's Name? Andrea Swift
100%
When Is Taylor Swift's Birthday? December 13th
100%
What Is Taylor's Favourite Number? 13
88%
Who Was Taylor's Best Friend From High School Abigail Anderson / Berard
88%
What Kind Of Farm Did She Grow Up On? A Christmas Tree Farm
88%
What Is Taylor Swift's Middle Name? Alison
88%
What Is Taylor Swift's Brother's Name Austin Swift
88%
Which 2 Songs Did Taylor Allegedly Write About John Mayer? Dear John and Would've, Could've, Should've
88%
What Artist Was Taylor Named After? James Taylor
88%
Who Is Back To December Rumoured To Be About? Taylor Lautner
88%
What does "TV" stand for in reference to Taylor Swift's music? Taylor's Version
88%
What is the order of Taylor Swift's albums from oldest to most recent? Taylor Swift (Debut), Fearless, Speak Now, Red, 1989, reputation, Lover, folklore, evermore, Midnights
88%
Does Taylor Have Any Album Covers That Are Black And White? Yes
88%
Did Taylor Grow Up On A Farm Yes
88%
How Many Albums Feature Taylor's Super Curly Hair 3
75%
How Many Cats Does Taylor Have 3
75%
What was the song name of the track she wrote for Rihanna? This Is What You Came For
75%
What Was Taylor Swift's First Single? Tim McGraw
75%
What Taylor Swift song includes the lyric: "November flush and your flannel cure"? Champagne Problems
63%
What color eyes does Taylor Swift mention in "Sparks Fly"? Green
63%
Which two Taylor Swift songs reference a "tightrope"? Innocent And Mirrorball
63%
What Was The Name Of The Tour Taylor Had Been Planning For 2020? Lover Fest
63%
What is Taylor Swift's grandmother's full name? Marjorie Finlay
63%
What Is Taylor Swift's Dad's Name? Scott Swift
63%
What Taylor Swift song features The Chicks? Soon You'll Get Better
63%
What exact time is referenced in "Last Kiss"? 1:58
50%
When Taylor Had Her Songwriting Pseudonym Nils Sjoberg Who Was Her Then-Boyfriend? Calvin Harris
50%
What flavor are Taylor Swift's famous cookies? Chai Tea
50%
What Was The Name Of Taylor's First Cat? Meredith
50%
What song did Taylor Swift cover in 2014 in the BBC Radio 1 Live Lounge? Riptide By Vance Joy
50%
What were the listening parties called that Taylor Swift hosted for fans? Secret Sessions
50%
What "really cool or bizarre" fact did Taylor Swift share in her "73 Questions" Vogue video interview? She Has Double Joint Elbows
50%
What classic book is referenced in "This Is Why We Can't Have Nice Things"? The Great Gatsby by F. Scott Fitzgerald
50%
What classic book is referenced in "New Romantics"? The Scarlet Letter by Nathaniel Hawthorne
50%
What is Taylor Swift's go-to drink order at the bar? Vodka & Diet Coke
50%
Where Was Taylor Swift Born? West Reading, Pennsylvania, United States
50%
How Many Albums Does Taylor Perform In The Eras Tour 10
38%
What song did Taylor Swift swap out early in The Eras Tour for "the 1" instead? Invisible String
38%
What classic story-turned-Disney-movie is referenced in a song on the folklore album? Peter Pan
38%
Which Album Did Taylor Write Herself Without Any Co-Writers? Speak Now
38%
What brand did Taylor Swift previously model for? Abercrombie
25%
What Is Taylor's Favourite Song Of Hers Anti-Hero
25%
What was the first surprise song to be repeated on The Eras Tour? Clean
25%
Who Inspired Taylor To Be Who She Is Today Her Grandmother
25%
How Many Taylor Swift songs reference Taylor's dad interacting with her love interest? 2
13%
What's the name of Taylor Swift's previous violin player who's recently been playing with Kelsea Ballerini? Caitlin Evanson
13%
How Many Movies Has Taylor Swift Been In? (According To 2023 December 13th) 16
0%
How Many Albums Does Taylor Swift Have All Together? 24
0%
How Many Books Has Taylor Mentioned In Her Songs 38
0%
How Many Taylor Swift Songs Have A Number In The Title? 6
0%
No matching quizzes found
Score Distribution
Percent of People with Each Score
Percentile by Number Answered
Your Score History
You have not taken this quiz